Normal view
MARC view
- Nadvi, Mulana Syed abdul hasan Ali
Entry Personal Name
001 - CONTROL NUMBER
- control field: 50767
003 - CONTROL NUMBER IDENTIFIER
- control field: NUST
005 - DATE AND TIME OF LATEST TRANSACTION
- control field: 20210314134800.0
008 - FIXED-LENGTH DATA ELEMENTS
- fixed length control field: 210314|| aca||aabn | a|a d
040 ## - CATALOGING SOURCE
- Original cataloging agency: NUST
- Transcribing agency: NUST
100 ## - HEADING--PERSONAL NAME
- Personal name: Nadvi, Mulana Syed abdul hasan Ali
670 ## - SOURCE DATA FOUND
- Source citation: Work cat.: (NUST): Nadvi, Mulana Syed abdul hasan Ali, ارکان اربع
